00830nam a2200205 a 4500001000200000003000900002005001700011008003500028020001800063040002200081082003400103100001400137245011900151260003800270300004400308490004300352650007500395650007900470710007500549 DO-SdBNP20210716111820.0180321s2015 dr a 000 0 spa d a9789945590296 aBPMSUbspacBPMSU a551.460097293bR788c 20152221 aRosa, Mat10aCambio climático en la República Dominicana :brecursos costeros y comunidades /cMatt Rosa y Hillary Lohmann. aSanto Domingo :bFUNGLODE,c2015. a121 p. :bil., mapas, gráf. ;c21 cm.0 aEstudios y reflexiones. Medio ambiente 4aCambios climáticoszRepública Dominicana, Costa Oceano Atlántico 4aManejo de zonas costeraszRepública Dominicana, Costa Oceano Atlántico2 aFundación Global Democracía y Desarrollo (Repùblica Dominicana)